[Event "España ch Sel. Autonomicas"]
[Site "Calvia ESP"]
[Date "2007.05.04"]
[Round "3.23"]
[White "Reinaldo Castiñeira, Roi"]
[Black "Ceballos Hornero, Daniel"]
[Result "1-0"]
[PlyCount "64"]
[EventDate "2007.05.03"]
[EventType "team"]
[EventRounds "5"]
[EventCountry "ESP"]
[Source "lmi"]
[SourceDate "2007.05.03"]
[WhiteElo "2452"]
[BlackElo "2193"]

1. e4 e5 2. Nf3 Nf6 3. Nxe5 d6 4. Nf3 Nxe4 5. d4 d5 6. Bd3 Be7 7. O-O Nc6 8. c4
Nb4 9. Be2 O-O 10. Nc3 Bf5 11. a3 Nxc3 12. bxc3 Nc6 13. Bf4 Rc8 14. Qa4 a6 15.
c5 Bf6 16. Ra2 g5 17. Bc1 Re8 18. Qd1 h6 19. Ne1 Qd7 20. Nc2 Bg7 21. Ne3 Be6
22. f4 f5 23. g4 gxf4 24. Nxf5 h5 25. Bd3 Ne7 26. Rxf4 hxg4 27. Nxg7 Kxg7 28.
Raf2 Rh8 29. Qe2 Rh5 30. Rf6 g3 31. Qxh5 gxf2+ 32. Rxf2 Rg8 1-0

[Event "España ch Sel. Autonomicas"]
[Site "Calvia ESP"]
[Date "2007.05.04"]
[Round "3.24"]
[White "Ruiz Marana, Alejandro"]
[Black "Paramos Dominguez, Roberto"]
[Result "1/2-1/2"]
[PlyCount "132"]
[EventDate "2007.05.03"]
[EventType "team"]
[EventRounds "5"]
[EventCountry "ESP"]
[Source "lmi"]
[SourceDate "2007.05.03"]
[WhiteElo "2134"]
[BlackElo "2425"]

1. e4 c5 2. Nc3 Nc6 3. g3 g6 4. Bg2 Bg7 5. d3 d6 6. Be3 Nf6 7. h3 O-O 8. f4 Nd7
9. Nf3 Nd4 10. O-O Rb8 11. Bf2 Nxf3+ 12. Qxf3 b5 13. a3 a5 14. g4 b4 15. axb4
axb4 16. Nd1 e6 17. Be3 Bb7 18. f5 Ra8 19. Rxa8 Qxa8 20. Qg3 Qb8 21. Qh4 exf5
22. gxf5 Bf6 23. Bg5 Bxg5 24. Qxg5 f6 25. Qh6 g5 26. h4 gxh4 27. Rf4 Kh8 28.
Rxh4 Rf7 29. Nf2 Ne5 30. Ng4 Nxg4 31. Rxg4 Qf8 32. Qf4 Rg7 33. Rxg7 Kxg7 34.
Bf3 Qe7 35. Qg3+ Kf8 36. Qh2 Kg8 37. Qg3+ Kh8 38. Kf2 Bc6 39. Qf4 Ba4 40. c3
Bc2 41. d4 cxd4 42. cxd4 Bb1 43. Kg3 Kg7 44. Kf2 Kf8 45. Qh6+ Ke8 46. Qf4 Kd8
47. Kg3 Qg7+ 48. Kf2 Qc7 49. Kg3 Qe7 50. Kf2 Ba2 51. Qh6 Bc4 52. Qf4 Ba6 53.
Qd2 Qb7 54. e5 Qb5 55. Qh6 Qf1+ 56. Kg3 Qe1+ 57. Kh2 Qf2+ 58. Bg2 Qxd4 59.
Qxf6+ Kc8 60. Qe6+ Kc7 61. Qe7+ Kc8 62. Qe8+ Kc7 63. Qc6+ Kd8 64. exd6 Qh4+ 65.
Kg1 Qd4+ 66. Kh2 Qe5+ 1/2-1/2

[Event "España ch Sel. Autonomicas"]
[Site "Calvia ESP"]
[Date "2007.05.04"]
[Round "3.25"]
[White "Larrosa Vila, Jose"]
[Black "Gonzalez Merino, Alberto"]
[Result "1/2-1/2"]
[PlyCount "90"]
[EventDate "2007.05.03"]
[EventType "team"]
[EventRounds "5"]
[EventCountry "ESP"]
[Source "lmi"]
[SourceDate "2007.05.03"]
[WhiteElo "2243"]
[BlackElo "2167"]

1. e4 e6 2. d4 d5 3. Nc3 Bb4 4. e5 c5 5. a3 Bxc3+ 6. bxc3 Qc7 7. Qg4 f5 8. Qh5+
g6 9. Qd1 cxd4 10. cxd4 Qc3+ 11. Bd2 Qxd4 12. Nf3 Qb6 13. Bd3 Nc6 14. O-O Bd7
15. Rb1 Qc7 16. Rb3 h6 17. h4 Kf7 18. Qb1 Rb8 19. c4 Nge7 20. Re1 Kg7 21. Qb2
b6 22. cxd5 Nxd5 23. h5 Be8 24. Rc1 Qb7 25. Bc4 Rd8 26. Rd3 Nde7 27. Rxd8 Nxd8
28. Nd4 Bf7 29. hxg6 Kxg6 30. Qb3 Qd7 31. Qg3+ Kh7 32. Qf4 Ng6 33. Qxh6+ Kg8
34. Qe3 Rh4 35. Nf3 Rh5 36. Bb4 Nb7 37. Bb3 Kg7 38. Rd1 Qc8 39. Kf1 Rh1+ 40.
Ke2 Rxd1 41. Kxd1 a5 42. Bd6 Qc6 43. Qd4 Nc5 44. Bc2 Kh6 45. Qc4 Be8 1/2-1/2

[Event "España ch Sel. Autonomicas"]
[Site "Calvia ESP"]
[Date "2007.05.04"]
[Round "3.26"]
[White "Arce Calva, Elvira"]
[Black "Redondo Arguelles, Graciela"]
[Result "0-1"]
[PlyCount "137"]
[EventDate "2007.05.03"]
[EventType "team"]
[EventRounds "5"]
[EventCountry "ESP"]
[Source "lmi"]
[SourceDate "2007.05.03"]
[WhiteElo "1824"]
[BlackElo "2104"]

1. d4 d6 2. Nf3 Nf6 3. b3 g6 4. Bb2 Bg7 5. e3 O-O 6. Bd3 c5 7. O-O Nc6 8. a3 a6
9. Nbd2 b5 10. h3 Rb8 11. Nh2 Nd7 12. Ndf3 Qb6 13. dxc5 dxc5 14. Bxg7 Kxg7 15.
Qe2 Bb7 16. Rad1 Nf6 17. c4 Bc8 18. cxb5 axb5 19. Qc2 Be6 20. Ng5 Bd5 21. Rc1
Ne5 22. Be4 Nxe4 23. Nxe4 c4 24. bxc4 bxc4 25. Qc3 f6 26. Nd2 Qc6 27. f3 Qc5
28. Ng4 Nxg4 29. hxg4 Rfd8 30. g5 Bf7 31. gxf6+ exf6 32. Ne4 Qe7 33. a4 Rd3 34.
Qa5 f5 35. Nf2 Rxe3 36. Qd2 Re2 37. Qc3+ Qe5 38. Qxe5+ Rxe5 39. Ra1 Ra8 40. Ra3
Rea5 41. Rfa1 Be8 42. Rb1 Bxa4 43. Rba1 R5a6 44. Re3 Bb3 45. Rae1 Ra1 46. Kf1
Rxe1+ 47. Kxe1 Kf6 48. Kd2 Ra2+ 49. Ke1 Rc2 50. f4 h6 51. Rh3 h5 52. Rg3 Ra2
53. Nh3 Bc2 54. Rc3 Bd3 55. Nf2 Re2+ 56. Kf1 Re4+ 57. Kg1 Rxf4 58. Nxd3 cxd3
59. Rxd3 h4 60. Kh2 Re4 61. Rf3 Re2 62. Rd3 Ke5 63. Ra3 Kf4 64. Rf3+ Kg4 65.
Ra3 f4 66. Rb3 g5 67. Ra3 Re3 68. Ra4 h3 69. Ra1 0-1

[Event "España ch Sel. Autonomicas"]
[Site "Calvia ESP"]
[Date "2007.05.04"]
[Round "3.31"]
[White "Moreno Ruiz, Javier"]
[Black "Llaneza Vega, Marcos"]
[Result "1-0"]
[PlyCount "33"]
[EventDate "2007.05.03"]
[EventType "team"]
[EventRounds "5"]
[EventCountry "ESP"]
[Source "lmi"]
[SourceDate "2007.05.03"]
[WhiteElo "2482"]
[BlackElo "2455"]

1. d4 Nf6 2. c4 g6 3. Nc3 d5 4. Nf3 Bg7 5. cxd5 Nxd5 6. e4 Nxc3 7. bxc3 c5 8.
Bb5+ Nd7 9. O-O O-O 10. a4 a6 11. Bc4 Qa5 12. Bd2 Nb6 13. Bxf7+ Rxf7 14. c4
Qxd2 15. Qxd2 cxd4 16. c5 Nd7 17. Ng5 1-0

[Event "España ch Sel. Autonomicas"]
[Site "Calvia ESP"]
[Date "2007.05.04"]
[Round "3.32"]
[White "Gonzalez Menendez, Ivan"]
[Black "Roa Alonso, Santiago"]
[Result "0-1"]
[PlyCount "86"]
[EventDate "2007.05.03"]
[EventType "team"]
[EventRounds "5"]
[EventCountry "ESP"]
[Source "lmi"]
[SourceDate "2007.05.03"]
[WhiteElo "2401"]
[BlackElo "2423"]

1. e4 d6 2. d4 Nf6 3. Nc3 g6 4. Bg5 h6 5. Bxf6 exf6 6. Bc4 Nc6 7. Nge2 f5 8.
O-O Bg7 9. exf5 Bxf5 10. Ng3 Bd7 11. Re1+ Kf8 12. Nce2 h5 13. c3 h4 14. Ne4 Rh5
15. Bb3 Bh6 16. d5 Ne5 17. Nd4 Qe7 18. h3 Re8 19. Bc2 c5 20. dxc6 bxc6 21. Nb3
Bf4 22. Kh1 Nc4 23. Qd4 d5 24. Nbc5 Bc8 25. Nd3 Be3 26. fxe3 Qxe4 27. Nf4 Qxc2
28. Nxh5 gxh5 29. e4 Be6 30. exd5 cxd5 31. Qh8+ Ke7 32. Qxh5 Kd7 33. b3 Rg8 34.
Re2 Qxc3 35. Rae1 Nd6 36. Qxh4 d4 37. Qh7 Qg3 38. Rd1 Bf5 39. Qh6 d3 40. Qf6
Be4 41. Qf2 Qxh3+ 42. Kg1 Bxg2 43. Qxg2 dxe2 0-1

[Event "España ch Sel. Autonomicas"]
[Site "Calvia ESP"]
[Date "2007.05.04"]
[Round "3.33"]
[White "Candela Perez, Jose"]
[Black "Recuero Guerra, David"]
[Result "1-0"]
[PlyCount "89"]
[EventDate "2007.05.03"]
[EventType "team"]
[EventRounds "5"]
[EventCountry "ESP"]
[Source "lmi"]
[SourceDate "2007.05.03"]
[WhiteElo "2390"]
[BlackElo "2372"]

1. d4 Nf6 2. c4 Nc6 3. Nf3 e6 4. Nc3 Bb4 5. Qc2 d6 6. a3 Bxc3+ 7. Qxc3 O-O 8.
g3 e5 9. dxe5 dxe5 10. Bg2 Qd6 11. b4 Rd8 12. O-O Bg4 13. Bb2 e4 14. Ng5 Nd4
15. Rfe1 Nxe2+ 16. Rxe2 Bxe2 17. Nxe4 Qd1+ 18. Rxd1 Rxd1+ 19. Bf1 Bxf1 20.
Nxf6+ gxf6 21. h3 Be2+ 22. Kh2 Rd6 23. Qe3 Bxc4 24. Qh6 a5 25. g4 axb4 26. g5
Kh8 27. axb4 Bd5 28. h4 Re8 29. h5 Be4 30. Bxf6+ Rxf6 31. Qxf6+ Kg8 32. h6 Kf8
33. f4 Re6 34. Qd8+ Re8 35. Qxc7 Re7 36. Qc8+ Re8 37. Qc5+ Re7 38. f5 b6 39.
Qc3 Re8 40. Qg7+ Ke7 41. Qxh7 Bd5 42. Qg7 Kd6 43. h7 Re2+ 44. Kg1 Rg2+ 45. Kf1
1-0

[Event "España ch Sel. Autonomicas"]
[Site "Calvia ESP"]
[Date "2007.05.04"]
[Round "3.34"]
[White "Andres Gonzalez, Ivan"]
[Black "Gallardo Garcia, Andres"]
[Result "1/2-1/2"]
[PlyCount "21"]
[EventDate "2007.05.03"]
[EventType "team"]
[EventRounds "5"]
[EventCountry "ESP"]
[Source "lmi"]
[SourceDate "2007.05.03"]
[WhiteElo "2372"]
[BlackElo "2340"]

1. Nf3 Nf6 2. g3 g6 3. Bg2 Bg7 4. O-O O-O 5. d4 d5 6. c4 dxc4 7. Ne5 c5 8. dxc5
Qc7 9. Nxc4 Qxc5 10. Nba3 Nc6 11. e4 1/2-1/2

[Event "España ch Sel. Autonomicas"]
[Site "Calvia ESP"]
[Date "2007.05.04"]
[Round "3.35"]
[White "Rubio Mejia, Luis Ignacio"]
[Black "Aguera Naredo, Javier"]
[Result "1/2-1/2"]
[PlyCount "51"]
[EventDate "2007.05.03"]
[EventType "team"]
[EventRounds "5"]
[EventCountry "ESP"]
[Source "lmi"]
[SourceDate "2007.05.03"]
[WhiteElo "2265"]
[BlackElo "2365"]

1. d4 Nf6 2. c4 e6 3. Nc3 Bb4 4. e3 b6 5. Nge2 Ba6 6. Ng3 h5 7. h4 Nc6 8. Bd3
Na5 9. Qe2 d5 10. cxd5 Bxd3 11. Qxd3 Qxd5 12. O-O Qc4 13. Qd1 O-O-O 14. Bd2 e5
15. Qf3 exd4 16. exd4 Bxc3 17. Bxc3 Nc6 18. Nf5 Qd5 19. Qh3 Kb8 20. Ne3 Qe6 21.
Qxe6 fxe6 22. Nc2 Nd5 23. Rfe1 Rh6 24. Re4 Re8 25. Bd2 Rg6 26. Bg5 1/2-1/2

[Event "España ch Sel. Autonomicas"]
[Site "Calvia ESP"]
[Date "2007.05.04"]
[Round "3.36"]
[White "Fidalgo Fernandez, Lucia"]
[Black "Rodrigo Yanguas, Maria"]
[Result "1/2-1/2"]
[PlyCount "70"]
[EventDate "2007.05.03"]
[EventType "team"]
[EventRounds "5"]
[EventCountry "ESP"]
[Source "lmi"]
[SourceDate "2007.05.03"]
[WhiteElo "2073"]
[BlackElo "1969"]

1. e4 c6 2. d4 d5 3. Nc3 dxe4 4. Nxe4 Bf5 5. Ng3 Bg6 6. Nf3 Nd7 7. h4 h6 8. h5
Bh7 9. Bd3 Bxd3 10. Qxd3 Ngf6 11. Bf4 Qa5+ 12. Bd2 Qc7 13. O-O-O e6 14. Kb1 Bd6
15. Ne4 Nxe4 16. Qxe4 Nf6 17. Qe2 O-O-O 18. Rh3 Kb8 19. Ne5 Rhe8 20. Rb3 Ka8
21. Nc4 Qe7 22. Na5 Rd7 23. Qf3 Rc8 24. Be3 Nd5 25. Nc4 Qf6 26. Qe2 Nf4 27.
Bxf4 Bxf4 28. g3 Bc7 29. Rf3 Qg5 30. Rfd3 Rcd8 31. Ne3 Qf6 32. Ng4 Qg5 33. Ne3
Qf6 34. Ng4 Qg5 35. Ne3 Qf6 1/2-1/2

[Event "España ch Sel. Autonomicas"]
[Site "Calvia ESP"]
[Date "2007.05.04"]
[Round "3.41"]
[White "Garcia Romero, Benjamin Abel"]
[Black "Rivas Pastor, Manuel"]
[Result "0-1"]
[WhiteElo "2263"]
[BlackElo "2496"]
[PlyCount "64"]
[EventDate "2007.05.03"]
[EventType "team"]
[EventRounds "5"]
[EventCountry "ESP"]
[Source "lmi"]
[SourceDate "2007.05.03"]

1. d4 Nf6 2. Nf3 b6 3. c4 e6 4. a3 Ba6 5. Qc2 c5 6. d5 exd5 7. cxd5 g6 8. Bf4
d6 9. Nc3 Bg7 10. Nd2 Nh5 11. Qa4+ Qd7 12. Qe4+ Kf8 13. Be3 f5 14. Qf3 Nf6 15.
h3 Kf7 16. g4 Re8 17. Qf4 Kg8 18. gxf5 Nh5 19. Qg4 Qxf5 20. Bg2 Nd7 21. Bf3
Nhf6 22. Qa4 Bb7 23. Bg4 Nxg4 24. hxg4 Qf7 25. Nce4 Bxd5 26. Rxh7 Nf6 27. Nxd6
Qe6 28. Rxg7+ Kxg7 29. Nxe8+ Rxe8 30. O-O-O Nxg4 31. Bg5 Qxe2 32. Qd7+ Bf7 0-1

[Event "España ch Sel. Autonomicas"]
[Site "Calvia ESP"]
[Date "2007.05.04"]
[Round "3.42"]
[White "Rodriguez Guerrero, Enrique"]
[Black "Figuero Toro, Julian"]
[Result "1-0"]
[WhiteElo "2446"]
[BlackElo "2249"]
[PlyCount "91"]
[EventDate "2007.05.03"]
[EventType "team"]
[EventRounds "5"]
[EventCountry "ESP"]
[Source "lmi"]
[SourceDate "2007.05.03"]

1. e4 e5 2. Nf3 d6 3. d4 Nf6 4. Nc3 Nbd7 5. h3 Be7 6. Be3 a6 7. a4 b6 8. Bc4
Bb7 9. Qd3 O-O 10. O-O c6 11. Ba2 Qc7 12. Nh4 d5 13. Nf5 Bb4 14. exd5 cxd5 15.
Bh6 exd4 16. Bxg7 dxc3 17. Qd4 Qe5 18. Qxe5 Nxe5 19. Bxf6 Rfe8 20. Rae1 Nd7 21.
Bxc3 Bxc3 22. bxc3 Nc5 23. Rb1 Re6 24. Rb4 Rd8 25. Rfb1 Bc6 26. Nd4 Rg6 27.
Nxc6 Rxc6 28. Rxb6 Rxb6 29. Rxb6 Nxa4 30. Rc6 a5 31. Bb3 Nb2 32. Ra6 Nd1 33.
Rxa5 Nxc3 34. Rc5 d4 35. Rc7 Nd5 36. Ra7 Kf8 37. Kf1 Rd6 38. g3 h6 39. Ke2 f5
40. Bxd5 Rxd5 41. Kd3 f4 42. g4 h5 43. Rc7 hxg4 44. hxg4 Rg5 45. f3 Re5 46.
Kxd4 1-0

[Event "España ch Sel. Autonomicas"]
[Site "Calvia ESP"]
[Date "2007.05.04"]
[Round "3.43"]
[White "De La Torre Suarez, Angel"]
[Black "Fernandez Romero, Ernesto"]
[Result "0-1"]
[WhiteElo "2157"]
[BlackElo "2437"]
[PlyCount "44"]
[EventDate "2007.05.03"]
[EventType "team"]
[EventRounds "5"]
[EventCountry "ESP"]
[Source "lmi"]
[SourceDate "2007.05.03"]

1. e4 c5 2. Nc3 a6 3. a4 Nc6 4. g3 g6 5. Bg2 Bg7 6. Nge2 d6 7. O-O e6 8. d3
Nge7 9. Bg5 Rb8 10. Qd2 h6 11. Be3 Nd4 12. f4 Nec6 13. g4 b5 14. axb5 axb5 15.
f5 b4 16. Nd1 Be5 17. fxg6 fxg6 18. Nxd4 cxd4 19. Qf2 Qe7 20. Bf4 O-O 21. Qg3
Rxf4 22. Rxf4 g5 0-1

[Event "España ch Sel. Autonomicas"]
[Site "Calvia ESP"]
[Date "2007.05.04"]
[Round "3.44"]
[White "Fernandez Siles, Luis"]
[Black "Escobar Felix, Eduardo"]
[Result "1/2-1/2"]
[WhiteElo "2266"]
[BlackElo "2142"]
[PlyCount "158"]
[EventDate "2007.05.03"]
[EventType "team"]
[EventRounds "5"]
[EventCountry "ESP"]
[Source "lmi"]
[SourceDate "2007.05.03"]

1. e4 c5 2. c3 Nf6 3. e5 Nd5 4. Nf3 Nc6 5. d4 cxd4 6. cxd4 d6 7. Bc4 Nb6 8. Bb5
e6 9. O-O Be7 10. Nc3 O-O 11. Qe2 Bd7 12. Qe4 d5 13. Qg4 f6 14. Bd3 f5 15. Qg3
Nb4 16. Be2 Na4 17. a3 Nc2 18. Rb1 Nxc3 19. bxc3 Nxa3 20. Rxb7 Qc8 21. Rb3 Nc4
22. Bh6 Rf7 23. Ra1 a5 24. Ne1 a4 25. Bh5 Bf8 26. Rbb1 g6 27. Bxf8 Kxf8 28. Bd1
Nd2 29. Rc1 Nb3 30. Bxb3 axb3 31. Rab1 Qc4 32. Nd3 Ra2 33. Qe3 Kg7 34. Nb2 Qa6
35. c4 dxc4 36. Nxc4 Rc2 37. Qxb3 Ba4 38. Qd3 Rxc1+ 39. Rxc1 Rc7 40. Qa3 Rxc4
41. Qe7+ Kg8 42. Qd8+ Kf7 43. Rb1 Rc8 44. Qf6+ Kg8 45. h4 Be8 46. d5 Bf7 47. d6
Qa7 48. h5 Qd7 49. h6 Be8 50. Rd1 Rc4 51. Ra1 Rc8 52. Kh2 Qf7 53. Qg5 Bc6 54.
Qe3 f4 55. Qb6 Qf8 56. Rc1 Qxh6+ 57. Kg1 Qg5 58. Rxc6 Ra8 59. Qb1 f3 60. g3 Qg4
61. Qf1 Qd4 62. Rc1 Qxe5 63. d7 Rd8 64. Rc8 Qf6 65. Qd1 Qf8 66. Rxd8 Qxd8 67.
Qd6 Kf7 68. Kf1 g5 69. g4 h6 70. Ke1 Qa5+ 71. Kd1 Qa1+ 72. Kc2 Qa4+ 73. Kc3
Qa1+ 74. Kc4 Qf1+ 75. Kb4 Qe1+ 76. Kb5 Qe2+ 77. Ka5 Qa2+ 78. Kb5 Qe2+ 79. Ka5
Qa2+ 1/2-1/2

[Event "España ch Sel. Autonomicas"]
[Site "Calvia ESP"]
[Date "2007.05.04"]
[Round "3.45"]
[White "Garcia Ortega Mendez, Jose Manuel"]
[Black "Camacho Collados, Marcos"]
[Result "1-0"]
[WhiteElo "2102"]
[BlackElo "2180"]
[PlyCount "125"]
[EventDate "2007.05.03"]
[EventType "team"]
[EventRounds "5"]
[EventCountry "ESP"]
[Source "lmi"]
[SourceDate "2007.05.03"]

1. d4 Nf6 2. Nf3 g6 3. c3 Bg7 4. Bg5 O-O 5. Nbd2 d5 6. e3 b6 7. Bd3 Bb7 8. O-O
c5 9. Qe2 Nbd7 10. e4 dxe4 11. Nxe4 cxd4 12. Nxd4 h6 13. Bh4 Nd5 14. Nd6 Nf4
15. Qd2 Bxg2 16. Qxf4 Bxf1 17. Nc6 Qc7 18. Nxe7+ Kh7 19. Nxf7 Ne5 20. Bxg6+
Nxg6 21. Qxc7 Nxh4 22. Kxf1 Rxf7 23. Qc6 Raf8 24. Qe4+ Nf5 25. Nxf5 Rxf5 26.
Rd1 Kh8 27. Rd2 Rh5 28. h4 Rhf5 29. Kg2 Rf4 30. Qe7 R8f7 31. Qe6 R7f6 32. Qe8+
Rf8 33. Qe6 Rxh4 34. f3 Rhf4 35. Rd3 Kh7 36. Qe3 R8f7 37. Rd6 R4f5 38. Qd3 Kg8
39. Rd8+ Bf8 40. b4 Kg7 41. Rd7 Be7 42. Qxf5 Rxf5 43. Rxe7+ Kf6 44. Rxa7 Ke5
45. a4 Kf4 46. Re7 Rd5 47. Re4+ Kf5 48. Rd4 Re5 49. Rd6 Kf4 50. Rxh6 Re2+ 51.
Kh3 Rc2 52. Rf6+ Ke3 53. Rxb6 Rxc3 54. Kg3 Rc8 55. Re6+ Kd4 56. a5 Rg8+ 57. Kf2
Kc4 58. Rb6 Rd8 59. a6 Rd2+ 60. Kg3 Ra2 61. b5 Kc5 62. Rb7 Ra3 63. a7 1-0

[Event "España ch Sel. Autonomicas"]
[Site "Calvia ESP"]
[Date "2007.05.04"]
[Round "3.46"]
[White "Velandrino Gomez, Maria Cielo"]
[Black "Crespo Ramos, Maria"]
[Result "1-0"]
[WhiteElo "2034"]
[BlackElo "1592"]
[PlyCount "83"]
[EventDate "2007.05.03"]
[EventType "team"]
[EventRounds "5"]
[EventCountry "ESP"]
[Source "lmi"]
[SourceDate "2007.05.03"]

1. d4 d5 2. Nf3 Nf6 3. Bf4 e6 4. e3 Be7 5. Bd3 O-O 6. Nbd2 c5 7. c3 Nc6 8. Ne5
c4 9. Bc2 Qe8 10. h4 Nxe5 11. dxe5 Nd7 12. Nf3 f5 13. Nd4 Nc5 14. g4 a5 15. h5
b5 16. gxf5 exf5 17. Rg1 b4 18. Qf3 Kh8 19. Qg2 Qf7 20. Nxf5 Bxf5 21. Bxf5 Rg8
22. Bxh7 Nd3+ 23. Bxd3 cxd3 24. Qg6 Qxg6 25. hxg6 Rgc8 26. Kd2 bxc3+ 27. bxc3
Rab8 28. Rab1 Rxb1 29. Rxb1 a4 30. Kxd3 a3 31. e6 Kg8 32. Rb8 Rxb8 33. Bxb8 Bc5
34. c4 dxc4+ 35. Kxc4 Be7 36. Kd5 Kf8 37. Bd6 Ke8 38. Bxe7 Kxe7 39. f4 Ke8 40.
Kd6 Kd8 41. f5 Ke8 42. f6 1-0

[Event "España ch Sel. Autonomicas"]
[Site "Calvia ESP"]
[Date "2007.05.04"]
[Round "3.51"]
[White "Gomez Esteban, Juan Mario"]
[Black "Garcia Roman, Daniel"]
[Result "1/2-1/2"]
[WhiteElo "2508"]
[BlackElo "2425"]
[PlyCount "177"]
[EventDate "2007.05.03"]
[EventType "team"]
[EventRounds "5"]
[EventCountry "ESP"]
[Source "lmi"]
[SourceDate "2007.05.03"]

1. d4 Nf6 2. c4 e6 3. Nf3 Bb4+ 4. Nbd2 b6 5. a3 Bxd2+ 6. Qxd2 a5 7. b3 O-O 8.
e3 Bb7 9. Be2 d6 10. O-O Nbd7 11. Bb2 Ne4 12. Qd3 f5 13. Nd2 Nxd2 14. Qxd2 Qg5
15. f3 Rf6 16. Rf2 Rg6 17. b4 Nf6 18. Bc3 axb4 19. axb4 Rxa1+ 20. Bxa1 h5 21.
d5 exd5 22. cxd5 h4 23. f4 Ne4 24. fxg5 Nxd2 25. Rxf5 Ne4 26. Bf3 Nxg5 27. Bh5
Kh7 28. Bxg6+ Kxg6 29. Rf4 h3 30. e4 hxg2 31. Rg4 Kh5 32. Rxg2 g6 33. Rc2 Nxe4
34. Rxc7 Bxd5 35. b5 Nc5 36. Bd4 Bc4 37. Rc6 Bxb5 38. Rxb6 Be2 39. Rxd6 Ne4 40.
Re6 Bf3 41. h3 Ng5 42. Re5 Be4 43. Be3 Bf5 44. Bxg5 Kxg5 45. Kh2 Kh4 46. Re8
Kg5 47. Kg3 Bd7 48. Rd8 Bf5 49. h4+ Kh6 50. Kf4 Bc2 51. Rh8+ Kg7 52. Rc8 Bf5
53. Rc1 Kh6 54. Rc7 Bb1 55. Rc5 Bf5 56. Ra5 Bc2 57. Rg5 Bb1 58. Ke5 Kg7 59. Rg1
Bf5 60. Rg5 Bb1 61. Ke6 Bf5+ 62. Ke7 Be4 63. Rc5 Bf5 64. Rc7 Kh6 65. Kf6 Be4
66. Ke5 Bf5 67. Rb7 Bc2 68. Rb8 Kg7 69. Kf4 Kh6 70. Rh8+ Kg7 71. Rc8 Bf5 72.
Rc7+ Kh6 73. h5 Bb1 74. hxg6 Kxg6 75. Rc6+ Kg7 76. Ke5 Bh7 77. Rf6 Bg8 78. Kf5
Bh7+ 79. Kg5 Bg8 80. Rf1 Bh7 81. Rc1 Bg8 82. Rc7+ Kh8 83. Kg6 Bb3 84. Rc8+ Bg8
85. Kf6 Kh7 86. Rc7+ Kh8 87. Kg6 Bb3 88. Rc8+ Bg8 89. Kh6 1/2-1/2

[Event "España ch Sel. Autonomicas"]
[Site "Calvia ESP"]
[Date "2007.05.04"]
[Round "3.52"]
[White "Torres Sanchez, Jose"]
[Black "Argandoña Rivero, Iñigo"]
[Result "1-0"]
[WhiteElo "2287"]
[BlackElo "2400"]
[PlyCount "107"]
[EventDate "2007.05.03"]
[EventType "team"]
[EventRounds "5"]
[EventCountry "ESP"]
[Source "lmi"]
[SourceDate "2007.05.03"]

1. Nf3 f5 2. c4 Nf6 3. Nc3 g6 4. g3 Bg7 5. Bg2 O-O 6. O-O d6 7. d4 Qe8 8. d5 a5
9. Nd4 Na6 10. e4 fxe4 11. Nxe4 Nxe4 12. Bxe4 Nc5 13. Bg2 Bd7 14. Be3 c6 15.
Qd2 e5 16. dxe6 Nxe6 17. Rad1 Nc5 18. Rfe1 Qf7 19. Nb5 cxb5 20. Bxc5 Bc6 21.
Bxd6 Bh6 22. f4 Rfd8 23. cxb5 Bxg2 24. Qxg2 Rd7 25. Be5 Rad8 26. Rxd7 Rxd7 27.
Bc3 Bf8 28. a3 b6 29. h4 Qd5 30. Qxd5+ Rxd5 31. a4 Kf7 32. Kg2 Bc5 33. Re5 Rxe5
34. Bxe5 Ke6 35. Kf3 Kd5 36. b3 h5 37. Bc3 Be7 38. Bd2 Bd8 39. Be3 Bc7 40. Bf2
Bd8 41. f5 gxf5 42. Kf4 Ke6 43. Bd4 Kd5 44. Bxb6 Bxb6 45. Kxf5 Kc5 46. g4 hxg4
47. Kxg4 Kb4 48. h5 Kxb3 49. h6 Bd4 50. h7 Kxa4 51. b6 Bxb6 52. h8=Q Bc5 53.
Qa1+ Ba3 54. Qa2 1-0

[Event "España ch Sel. Autonomicas"]
[Site "Calvia ESP"]
[Date "2007.05.04"]
[Round "3.53"]
[White "Gonzalez De La Torre, Santiago"]
[Black "Ribes Peris, Alvaro"]
[Result "1-0"]
[WhiteElo "2388"]
[BlackElo "2139"]
[PlyCount "82"]
[EventDate "2007.05.03"]
[EventType "team"]
[EventRounds "5"]
[EventCountry "ESP"]
[Source "lmi"]
[SourceDate "2007.05.03"]

1. e4 Nf6 2. e5 Nd5 3. d4 d6 4. c4 Nb6 5. exd6 cxd6 6. Nc3 g6 7. Be3 Bg7 8. Rc1
O-O 9. b3 Nc6 10. d5 Ne5 11. Be2 Re8 12. f4 Ned7 13. Nf3 e6 14. dxe6 Rxe6 15.
Bd4 Nf6 16. O-O Nbd7 17. Qd2 Qa5 18. Bd3 Nc5 19. Bb1 Re8 20. Bxf6 Bxf6 21. Nd5
Qd8 22. Nxf6+ Qxf6 23. Rcd1 Rd8 24. f5 Qg7 25. Qf4 Qf6 26. Qh6 Qg7 27. Qh4 f6
28. fxg6 hxg6 29. Qg3 Bf5 30. Bxf5 gxf5 31. Qxg7+ Kxg7 32. Nd4 Rd7 33. Nxf5+
Kg6 34. Rd4 Re8 35. Rg4+ Kh7 36. Rf3 Kh8 37. Nxd6 Ree7 38. Rh3+ Rh7 39. Rxh7+
Kxh7 40. Ne4 Rd1+ 41. Kf2 f5 1-0

[Event "España ch Sel. Autonomicas"]
[Site "Calvia ESP"]
[Date "2007.05.04"]
[Round "3.54"]
[White "Jordan Martinez, David"]
[Black "Alonso Arburu, Juan Ignacio"]
[Result "0-1"]
[WhiteElo "2120"]
[BlackElo "2337"]
[PlyCount "102"]
[EventDate "2007.05.03"]
[EventType "team"]
[EventRounds "5"]
[EventCountry "ESP"]
[Source "lmi"]
[SourceDate "2007.05.03"]

1. e4 e5 2. Nf3 d6 3. Bc4 c6 4. Nc3 Bg4 5. h3 Bh5 6. d3 Be7 7. a4 Nd7 8. O-O h6
9. Ne2 Bg5 10. Ng3 Bg6 11. c3 Bxc1 12. Rxc1 a6 13. Re1 b5 14. axb5 axb5 15. Bb3
Ne7 16. Ra1 O-O 17. Nh4 Kh7 18. d4 Rxa1 19. Qxa1 Qb6 20. Qd1 Rd8 21. Qd2 b4 22.
Bc2 Nf8 23. Nhf5 bxc3 24. bxc3 Ng8 25. Rb1 Qa5 26. Bb3 Nf6 27. f3 d5 28. Qe3
dxe4 29. fxe4 Rb8 30. Kh2 Ne6 31. Bc2 Rd8 32. Rf1 Ng8 33. Kh1 Rb8 34. Kh2 Rb2
35. Bd1 Ra2 36. Bb3 Ra3 37. Rb1 Qb5 38. Bc2 Qc4 39. Ne2 exd4 40. Nfxd4 Nxd4 41.
Bd3 Qa2 42. Qxd4 Qd2 43. Rf1 Nf6 44. Rf2 Ra2 45. Kg1 c5 46. Qc4 Nd7 47. Bb1 Rb2
48. Rf1 Qxe2 49. Qxe2 Rxe2 50. Rd1 Ne5 51. Kf1 Rb2 0-1

[Event "España ch Sel. Autonomicas"]
[Site "Calvia ESP"]
[Date "2007.05.04"]
[Round "3.55"]
[White "Martin Alvarez, Iñigo"]
[Black "Alameda Gadea, Aitana"]
[Result "1-0"]
[WhiteElo "2173"]
[BlackElo "1927"]
[PlyCount "90"]
[EventDate "2007.05.03"]
[EventType "team"]
[EventRounds "5"]
[EventCountry "ESP"]
[Source "lmi"]
[SourceDate "2007.05.03"]

1. e4 d5 2. exd5 Qxd5 3. Nc3 Qa5 4. d4 Nf6 5. Nf3 Bg4 6. h3 Bh5 7. Bc4 c6 8.
Bd2 e6 9. Nd5 Qd8 10. Nxf6+ Qxf6 11. g4 Bg6 12. Bg5 Bxc2 13. Qe2 Qg6 14. Rc1
Be4 15. Bd2 Bxf3 16. Qxf3 Be7 17. Qe3 h6 18. Bd3 Qg5 19. f4 Qd5 20. O-O Nd7 21.
Bc4 Qd6 22. a3 Bf6 23. Bc3 Nb6 24. Be2 Nd5 25. Qe4 O-O-O 26. Rcd1 Nxc3 27. bxc3
Qxa3 28. Qe3 a6 29. Ra1 Qd6 30. Rfb1 Rhe8 31. Qd3 c5 32. Rxb7 Kxb7 33. Rxa6
Bxd4+ 34. Kg2 c4 35. Qxc4 Qc5 36. Bf3+ Rd5 37. Qa2 Kc7 38. cxd4 Qxd4 39. Ra7+
Kd6 40. Qa6+ Kc5 41. Rc7+ Kb4 42. Rb7+ Kc3 43. Qa3+ Kc2 44. Qa2+ Kc3 45. Rb3+
Kc4 1-0

[Event "España ch Sel. Autonomicas"]
[Site "Calvia ESP"]
[Date "2007.05.04"]
[Round "3.56"]
[White "Cucarella Montell, Angels"]
[Black "Muñoz Perez, Miriam"]
[Result "1/2-1/2"]
[WhiteElo "1922"]
[BlackElo "2080"]
[PlyCount "56"]
[EventDate "2007.05.03"]
[EventType "team"]
[EventRounds "5"]
[EventCountry "ESP"]
[Source "lmi"]
[SourceDate "2007.05.03"]

1. e4 e5 2. Nf3 d6 3. d4 Qe7 4. Nc3 c6 5. a4 g6 6. Be2 Bg7 7. O-O Nf6 8. Bg5 h6
9. Bh4 O-O 10. a5 g5 11. Bg3 Nh5 12. dxe5 Nxg3 13. hxg3 dxe5 14. Bc4 Bg4 15.
Qd3 Rd8 16. Qe3 Nd7 17. Nh2 Bh5 18. Kh1 Nc5 19. Rae1 Rd4 20. Be2 Bxe2 21. Qxe2
Rad8 22. Nf3 Rb4 23. b3 Qc7 24. Ra1 f5 25. Nd2 Rbd4 26. Nf3 Rb4 27. Nd2 Rbd4
28. Nf3 Rb4 1/2-1/2